00310nam a22001337a 4500003000400000020002200004082000800026100002000034245005000054250000900104260003800113300000900151650001600160SGT a978-0-470-71421-8 bBUC aBob B. Buchanan aBiochemistry and Molecular Biology of Plants  a2ND  aNEW DELHIb Wiley-Blackwellc2015 a1264 aAGRICULTURE